Statistics for Best U.S. Counties To Visit

Click here to take the quiz!

General Stats

  • This quiz has been taken 17 times
  • The average score is 10 of 15

Answer Stats

State and the best
thing about these
counties

County% Correct
Type in
Washington D.C.
For This one
Washington D.C.
100%
Nevada (has Las Vegas)Clark
93%
New York (Manhattan)New York
86%
California (San Francisco)San Francisco
86%
California (Has beautiful beaches)Monterey
79%
New York (Brooklyn)Kings
71%
California (Has beautiful beaches also)Santa Cruz
64%
Minnesota (Mall of America)Hennepin
57%
Michigan (I Live in this county)
my county is known for being on
the coast of Lake Superior, and is the most
populated county in the Upper Peninsula of
Michigan!!!
Marquette
57%
New York (Niagara Falls is here)Niagara
57%
California (has the Redwood forest)Humboldt
50%
Louisiana (New Orleans)Orleans
50%
Georgia (has Savannah)Chatham
43%
South Dakota (Crazy Horse Mountain)Custer
36%
South Dakota (Mount Rushmore)Pennington
36%

Score Distribution

Percentile by Number Answered

Percent of People with Each Score

Your Score History

You have not taken this quiz